| 000 | 00357nam a2200145Ia 4500 | ||
|---|---|---|---|
| 008 | 230917s9999||||xx |||||||||||||| ||und|| | ||
| 040 |
_e95336 _aMAIN |
||
| 041 | _aEnglish | ||
| 082 | _a070.10285 H225S | ||
| 100 | _aHari Mohan | ||
| 245 | 0 | _aSoochana prodyigiki aur jan-madhyam | |
| 260 |
_aNew Delhi _bTakshila _c2002 |
||
| 300 | _a192 p. | ||
| 942 | _cBK | ||
| 999 |
_c114183 _d114183 |
||